LEADER 02794nam 2200637 a 450 001 9910781331103321 005 20230324005624.0 010 $a0-8130-3702-6 024 7 $aheb40094 035 $a(CKB)2550000000037029 035 $a(EBL)726901 035 $a(OCoLC)735603023 035 $a(SSID)ssj0000525707 035 $a(PQKBManifestationID)12224293 035 $a(PQKBTitleCode)TC0000525707 035 $a(PQKBWorkID)10507609 035 $a(PQKB)11102164 035 $a(MiAaPQ)EBC726901 035 $a(Au-PeEL)EBL726901 035 $a(CaPaEBR)ebr10476960 035 $a(dli)heb40094.0001.001 035 $a(MiU)MIU400940001001 035 $a(EXLCZ)992550000000037029 100 $a20050224d2005 uy 0 101 0 $aeng 135 $aur|n|---||||| 181 $ctxt 182 $cc 183 $acr 200 10$aSlavery and the peculiar solution$b[electronic resource] $ea history of the American Colonization Society /$fEric Burin 205 $aFirst paperback edition, 2008. 210 $aGainesville $cUniversity Press of Florida$d2005 215 $a1 online resource (241 p.) 225 1 $aSouthern dissent 300 $aDescription based upon print version of record. 311 $a0-8130-3273-3 320 $aIncludes bibliographical references and index. 327 $aFront Cover; Table of Contents vii; Foreword ix; Acknowledgments xiii; Introduction: American Colonization Society Manumissions and Slavery 1; 1. An Overview of the African Colonization Movement 6; 2. ACS Manumitters: Their Ideology and Intentions 34; 3. Slaves: Negotiating for Freedom 57; 4. The Pennsylvania Colonization Societyas a Facilitator of Manumission 79; 5. White Southerners' Responsesto ACS Manumissions 100; 6. ACS Manumissions and the Law 121; 7. Liberia: Freedpersons' Experiences in Africa 141; Conclusion 160; Tables 169; Notes 175; Bibliography 201; Index 215 330 $aAdds significantly to our understanding of the world view of slaveholding colonizationists, of their negotiations with prospectively freed people, and of their struggle with proslavery critics of colonization. 410 0$aSouthern dissent. 606 $aEnslaved persons$xEmancipation$zSouthern States 606 $aAfrican Americans$xColonization$zAfrica, West 606 $aAfrican Americans$xColonization$zLiberia 607 $aLiberia$xHistory$yTo 1847 615 0$aEnslaved persons$xEmancipation 615 0$aAfrican Americans$xColonization 615 0$aAfrican Americans$xColonization 676 $a326/.0973/09034 700 $aBurin$b Eric$01488670 801 0$bMiAaPQ 801 1$bMiAaPQ 801 2$bMiAaPQ 906 $aBOOK 912 $a9910781331103321 996 $aSlavery and the peculiar solution$93708983 997 $aUNINA LEADER 02734oam 2200625I 450 001 9910789694903321 005 20230912155134.0 010 $a1-138-40308-3 010 $a1-136-12934-0 010 $a1-283-20962-4 010 $a9786613209627 010 $a0-240-81729-X 024 7 $a10.4324/9780240817293 035 $a(CKB)2670000000099767 035 $a(EBL)745419 035 $a(OCoLC)746495819 035 $a(SSID)ssj0000507885 035 $a(PQKBManifestationID)11328946 035 $a(PQKBTitleCode)TC0000507885 035 $a(PQKBWorkID)10550816 035 $a(PQKB)10358624 035 $a(OCoLC)897451399 035 $a(CaSebORM)9780240817286 035 $a(MiAaPQ)EBC4689069 035 $a(MiAaPQ)EBC745419 035 $a(EXLCZ)992670000000099767 100 $a20180706e20132012 uy 0 101 0 $aeng 135 $aur|n|---||||| 181 $ctxt 182 $cc 183 $acr 200 10$aFrame-by-frame stop motion $ethe guide to non-traditional animation techniques /$fTom Gasek 205 $a1st edition 210 1$aAmsterdam :$cFocal Press,$d2013. 215 $a1 online resource (214 p.) 300 $aFirst published in 2012. 311 $a1-136-12933-2 311 $a0-240-81728-1 327 $aMachine generated contents note: Chapter 1: What are the Possibilities? Chapter 2: Shooting Frame by Frame Chapter 3: Pixilation Chapter 4: Time Lapse Chapter 5: Cinematography, Lighting and Composition Chapter 6: Objects, People & Places Chapter 7: The Multiplane Down-shooter Chapter 8: A Sense of Drama Chapter 9: Visual Rhythm Chapter 10: Collage (The Digital Advantage) Chapter 11: Massaging Frames in the Edit Chapter 12: Off to the Market. 330 $aIn a world that is dominated by computer images, alternative stop motion techniques like pixilation, time-lapse photography and down-shooting techniques combined with new technologies offer a new, tangible and exciting approach to animation. With over 25 years professional experience, industry veteran, Tom Gasek presents a comprehensive guide to stop motion animation without the focus on puppetry or model animation. With tips, tricks and hands-on exercises, Frame by Frame will help both experienced and novice filmmakers get the most effective results from this underutilized branch of animat 606 $aAnimation (Cinematography) 615 0$aAnimation (Cinematography) 676 $a006.6 676 $a006.6/96 676 $a006.696 676 $a791.4334 700 $aGasek$b Tom.$01539683 801 0$bMiAaPQ 801 1$bMiAaPQ 801 2$bMiAaPQ 906 $aBOOK 912 $a9910789694903321 996 $aFrame-by-frame stop motion$93790688 997 $aUNINA